Úspora času na pracoviskách zavedením nových technológií, zariadení
Salvato in:
| Autore principale: | |
|---|---|
| Altri autori: | |
| Natura: | Manoscritto Libro |
| Lingua: | slovacco |
| Pubblicazione: |
2019
|
| Soggetti: | |
| Accesso online: | http://is.stuba.sk/zp/portal_zp.pl?podrobnosti=145236 |
| Tags: |
Nessun Tag, puoi essere il primo ad aggiungerne!!
|
MARC
| LEADER | 00000ntm a22000003a 4500 | ||
|---|---|---|---|
| 001 | stuzp75453 | ||
| 003 | SK-STU | ||
| 005 | 20190608213603.8 | ||
| 007 | ta | ||
| 008 | 150427s2015----xo-----f-mn---000-0-slo-d | ||
| 040 | |a STU |b slo | ||
| 041 | 0 | |a slo | |
| 100 | 1 | |a Méry, David |u 020070 |k Z4 |4 aut |U SjF Strojnícka fakulta |T SjF Ústav výrobných systémov, enviromentálnej techniky a manažment kvality |X 55482 |U J0070 |Y 804 |7 55482 | |
| 242 | 0 | 1 | |a Time saving in the workplace by introducing new technologies, equipment |y eng |
| 245 | 1 | 0 | |a Úspora času na pracoviskách zavedením nových technológií, zariadení |
| 260 | |c 2019 | ||
| 650 | 4 | |a 5S |2 slo | |
| 650 | 4 | |a SWOT analýza |2 slo | |
| 650 | 4 | |a návrh opatrení |2 slo | |
| 650 | 4 | |a úzke miesto |2 slo | |
| 650 | 4 | |a 5S |2 eng | |
| 650 | 4 | |a SWOT analysis |2 eng | |
| 650 | 4 | |a draft measures |2 eng | |
| 650 | 4 | |a narrow space |2 eng | |
| 700 | 1 | |a Součková, Ingrid |u 020070 |k Z1 |4 ths |U SjF Strojnícka fakulta |T SjF Ústav výrobných systémov, enviromentálnej techniky a manažment kvality |X 2364 |U J0070 |Y 804 |7 A000002364 | |
| 856 | 4 | |u http://is.stuba.sk/zp/portal_zp.pl?podrobnosti=145236 | |